Vereniging van Institutionele Beleggers in Vastgoed (IVBN) (Record no. 120306)

MARC details
000 -LEADER
fixed length control field 00878cam a2200205 4500
001 - CONTROL NUMBER
control field WS122899
008 - FIXED-LENGTH DATA ELEMENTS--GENERAL INFORMATION
fixed length control field 030702n 000 0 eng u
035 ## - SYSTEM CONTROL NUMBER
System control number (Sirsi) u122899
245 ## - TITLE STATEMENT
Title Vereniging van Institutionele Beleggers in Vastgoed (IVBN)
520 ## - SUMMARY, ETC.
Summary, etc. Web site for this Dutch organisation, Association of the Institutional Property Investors in the Netherlands, which represents the interests of corporate investors in that country. Includes a list of member and their code of ethics and compliance code.
650 ## - SUBJECT ADDED ENTRY--TOPICAL TERM
Topical term or geographic name entry element NETHERLANDS
650 ## - SUBJECT ADDED ENTRY--TOPICAL TERM
Topical term or geographic name entry element INSTITUTIONAL INVESTMENT
650 ## - SUBJECT ADDED ENTRY--TOPICAL TERM
Topical term or geographic name entry element CODE OF ETHICS
650 ## - SUBJECT ADDED ENTRY--TOPICAL TERM
Topical term or geographic name entry element ORGANISATION
650 ## - SUBJECT ADDED ENTRY--TOPICAL TERM
Topical term or geographic name entry element EUROPE
650 ## - SUBJECT ADDED ENTRY--TOPICAL TERM
Topical term or geographic name entry element INTERNATIONAL
690 ## - LOCAL SUBJECT ADDED ENTRY--TOPICAL TERM (OCLC, RLIN)
Topical term or geographic name as entry element PROPERTY-COMMERCIAL PROPERTY-COMMERCIAL PROPERTY FINANCE AND INVESTMENT
856 40 - ELECTRONIC LOCATION AND ACCESS
Uniform Resource Identifier <a href="https://www.ivbn.nl">https://www.ivbn.nl</a>
Public note View the website free of charge at www.ivbn.nl...
942 ## - ADDED ENTRY ELEMENTS (KOHA)
Suppress in OPAC 0
Holdings
Withdrawn status Lost status Source of classification or shelving scheme Damaged status Not for loan Home library Current library Shelving location Date acquired Total Checkouts Full call number Barcode Date last seen Copy number Price effective from Koha item type
    Dewey Decimal Classification     Virtual Virtual Online 02/07/2003   WEB SITE 122899-1001 06/08/2019 1 06/08/2019 Online material